000 00444nam a2200181Ia 4500
001 16409
005 20260306170307.0
008 260306t2021||||xx |||||||||||||| ||und||
041 _aESP
082 _a348.6
_bA11 T. 2
100 _aAbanto Revilla, César
_eAUT
245 0 _aTodo sobre el régimen laboral público
260 _c2021
300 _a927 páginas :
_c25 cm.
650 _aGEN
654 _aCDE
942 _cLIB
_dJUS
_fJUS
_2ddc
_n
999 _c16409
_d16409